Las ganas de estudiar: cómo conseguirlas y disfrutar con ellas

Uloženo v:
Podrobná bibliografie
Hlavní autor: Piattelli Palmarini, Massimo (Autor)
Médium: Kniha
Jazyk:španělština
Vydáno: Barcelona Crítica 1992
Edice:Drakontos
Témata:
Tagy: Přidat tag
Žádné tagy, Buďte první, kdo vytvoří štítek k tomuto záznamu!

MARC

LEADER 00000nam a2200000 a 4500
001 UCH8108
003 CL-VaPUC
008 091127e19920000SP |||||||||||||||||spa|d
020 |a 8474235375 
082 0 4 |a 370.15  |b PIA  |2 21 
100 0 |a Piattelli Palmarini, Massimo  |e author  |9 544529 
245 1 4 |a Las ganas de estudiar: cómo conseguirlas y disfrutar con ellas 
300 |a 304 p 
942 |c BK 
945 |d 20091127 00:00:00  |a ccalabra 
260 |a Barcelona  |b Crítica  |c 1992 
650 0 |a Psicología educacional   |9 307830 
650 0 |a Psicología cognitiva   |9 306250 
650 0 |a Métodos de aprendizaje  |9 334464 
650 0 |a Técnicas de estudio  |9 424342 
650 0 |a Educación  |9 258661 
583 |a last modification  |c 20091127 00:00:00  |k Rodrigo Vera 
490 0 |a Drakontos 
999 |c 338351  |d 338349